European countries without a map - Statistics

General Stats
  • This quiz has been taken 24 times
  • The average score is 25 of 45
Answer Stats
Answer % Correct
Albania
88%
Denmark
88%
United Kingdom
82%
Germany
76%
Norway
76%
Sweden
76%
Belgium
71%
Finland
71%
Ireland
71%
Russia
71%
Bosnia and Herzegovina
65%
Estonia
65%
France
65%
Italy
65%
Latvia
65%
Lithuania
65%
Romania
65%
Spain
65%
Croatia
59%
Iceland
59%
Poland
59%
Portugal
59%
Ukraine
59%
Andorra
53%
Austria
53%
Belarus
53%
Greece
53%
Hungary
53%
North Macedonia
53%
Slovenia
53%
Bulgaria
47%
Kosovo
47%
Slovakia
47%
Czechia
41%
Moldova
41%
Netherlands
41%
Serbia
41%
San Marino
35%
Luxembourg
29%
Malta
29%
Monaco
29%
Montenegro
29%
Switzerland
24%
Vatican City
24%
Liechtenstein
18%
No matching quizzes found
Score Distribution
Percent of People with Each Score
Percentile by Number Answered
Your Score History
You have not taken this quiz